LEADER 01525nam0 22003251i 450 001 SUN0013387 005 20051212120000.0 010 $a88-7228-195-4 020 $aIT$b99 5519 100 $a20030403d1998 |0itac50 ba 101 $aita 102 $aIT 105 $a|||| ||||| 200 1 $aˆLe ‰Italie bizantine$eterritorio, insediamenti ed economia nella provincia bizantina d'Italia, 6.-8. secolo$fEnrico Zanini 210 $aBari$cEdipuglia$d1998 215 $a386 p.$cill.$d25 cm. 410 1$1001SUN0013417$12001 $aStudi storici sulla Tarda Antichità$v10$1210 $aBari$cEdipuglia. 606 $aItalia$xDominazione bizantina$xSec. 6.-8.$2FI$3SUNC007101 620 $dBari$3SUNL000009 676 $a945.014$v21 700 1$aZanini$b, Enrico$3SUNV009846$0163282 712 $aEdipuglia$3SUNV000608$4650 801 $aIT$bSOL$c20181109$gRICA 912 $aSUN0013387 950 $aUFFICIO DI BIBLIOTECA DEL DIPARTIMENTO DI GIURISPRUDENZA$d00 CONS XVIII.Ele.45 $e00 18204 950 $aUFFICIO DI BIBLIOTECA DEL DIPARTIMENTO DI LETTERE E BENI CULTURALI$d07 CONS Vd 2490 $e07 DP 3317 995 $aUFFICIO DI BIBLIOTECA DEL DIPARTIMENTO DI GIURISPRUDENZA$h18204$kCONS XVIII.Ele.45$op$qa 995 $aUFFICIO DI BIBLIOTECA DEL DIPARTIMENTO DI LETTERE E BENI CULTURALI$bIT-CE0103$gDP$h3317$kCONS Vd 2490$oc$qa 996 $aItalie bizantine$9484867 997 $aUNICAMPANIA LEADER 01088cam a2200253 a 4500 001 991003541489707536 008 180423s1995 it a 000 0 ita d 020 $a9788855523141 035 $ab14349796-39ule_inst 040 $aBibl. Dip.le Aggr. Matematica e Fisica - Sez. Fisica$beng 082 04$a539.7/076$220 084 $aLC QC20.82 100 1 $aBusiello, Gaetano$053804 245 10$aProblemi di fisica teorica :$bmeccanica quantistica, meccanica statistica, relatività,.../$cGaetano Busiello, Canio Noce 260 $aBologna :$bPatron,$cc1995 300 $a146 p. :$bill. ;$c23 cm 650 4$aMathematical physics$xProblems, exercises, etc. 700 1 $aNoce, Canio$eauthor$4http://id.loc.gov/vocabulary/relators/aut$052256 907 $a.b14349796$b20-09-18$c20-09-18 912 $a991003541489707536 945 $aLE006 Fondo Soliani 099$cEx libris Giulio Soliani$g1$i2006000180313$lle006$og$pE9.00$q-$rn$s- $t1$u0$v0$w0$x0$y.i15861065$z20-09-18 996 $aProblemi di fisica teorica$91425057 997 $aUNISALENTO 998 $ale006$b23-04-18$cm$da $e $fita$git $h0$i0